[Event "45th Olympiad 2024"]
[Site "Budapest HUN"]
[Date "2024.09.14"]
[Round "4.37"]
[Board "2"]
[White "Cahaya, Satria Duta"]
[Black "Juhasz, Agoston"]
[Result "1/2-1/2"]
[WhiteElo "2219"]
[BlackElo "2427"]
[PlyCount "206"]
[EventDate "2024.09.11"]
[WhiteTeam "Indonesia"]
[BlackTeam "Hungary C"]
[WhiteTeamCountry "INA"]

1. e4 c5 2. Nf3 d6 3. d4 cxd4 4. Nxd4 Nf6 5. Nc3 a6 6. Bg5 e6 7. f4 h6 8. Bh4 Nbd7 9. Qe2 e5 10. fxe5 Nxe5 11. O-O-O Be7 12. Nf5 Bxf5 13. exf5 O-O 14. Bxf6 Bxf6 15. Ne4 $146 ({RR} 15. Nd5 Rc8 16. Kb1 Nc4 17. c3 Re8 18. Qf3 Nb6 19. Bd3 Nxd5 20. Qxd5 Re5 21. Qb3 Rc6 22. Rhe1 Rb6 23. Qa3 Ra5 24. Qxa5 Rxb2+ 25. Kxb2 Qxa5 26. Rc1 Qb4+ {0-1 Trifan,A (2300)-Perez Ponsa,F (2527) Titled Tue 18th Jul Late 2023 (7)}) 15... d5 16. Nxf6+ Qxf6 17. Rxd5 Rfe8 18. Qd2 Qxf5 19. Bd3 Qg5 20. Qxg5 hxg5 21. Rd4 g6 22. Be4 Rab8 23. a4 Kg7 24. a5 b6 25. axb6 Rxb6 26. b3 f5 27. Bd5 g4 28. Kb2 Rf6 29. h4 f4 30. Rf1 f3 31. gxf3 gxf3 32. Rf2 Kh6 33. Re4 Rf5 34. Ka3 Kh5 35. Ka4 Ref8 36. Rxe5 Rxe5 37. Rxf3 Rxf3 38. Bxf3+ Kxh4 39. c4 a5 40. Bd5 Kg5 41. Kxa5 Kf6 42. b4 Ke7 43. Kb6 Kd7 44. Kc5 g5 45. Kd4 Rf5 46. Ke4 Rf8 47. Ke5 Kc7 48. c5 Rb8 49. Kf5 Rxb4 50. Kxg5 Rb5 51. Kf4 Rxc5 52. Ke5 Kd7 53. Kd4 Kd6 54. Bf3 Ra5 55. Kc4 Ra4+ 56. Kb3 Rh4 57. Bg2 Kc5 58. Kc3 Rg4 59. Ba8 Rg3+ 60. Kb2 Rh3 61. Be4 Kc4 62. Bf5 Rh2+ 63. Ka1 Kb3 64. Be6+ Kc3 65. Bf5 Rh1+ 66. Ka2 Re1 67. Bg6 Rf1 68. Bh7 Rf6 69. Be4 Rb6 70. Bh7 Rb2+ 71. Ka1 Kb3 72. Bg8+ Ka3 73. Bh7 Rh2 74. Be4 Rf2 75. Bh7 Rb2 76. Bg6 Rg2 77. Be4 Rg1+ 78. Bb1 Rg4 79. Bf5 Rg5 80. Bc2 Rg7 81. Bf5 Rf7 82. Be4 Rf4 83. Bh7 Rg4 84. Bf5 Rg3 85. Be4 Rg5 86. Bc2 Rb5 87. Bg6 Rb4 88. Bf5 Kb3 89. Be6+ Kc3 90. Bf5 Rf4 91. Bh7 Rf2 92. Be4 Rb2 93. Bg6 Kb3 94. Bf7+ Ka3 95. Bg6 Re2 96. Bh7 Rf2 97. Be4 Rf1+ 98. Bb1 Rf6 99. Bh7 Rf4 100. Bc2 Rf2 101. Be4 Rh2 102. Bf5 Rg2 103. Be4 Re2 1/2-1/2

[Event "45th Olympiad 2024"]
[Site "Budapest HUN"]
[Date "2024.09.14"]
[Round "4.37"]
[Board "3"]
[White "Karacsonyi, Gellert"]
[Black "Ulhaq, Zacky Dhia"]
[Result "0-1"]
[WhiteElo "2403"]
[BlackElo "2203"]
[PlyCount "130"]
[EventDate "2024.09.11"]
[WhiteTeam "Hungary C"]
[BlackTeam "Indonesia"]
[BlackTeamCountry "INA"]

1. e4 e5 2. Nf3 Nc6 3. d4 exd4 4. Bc4 Nf6 5. e5 d5 6. Bb5 Ne4 7. Nxd4 Bc5 8. Be3 O-O 9. Nxc6 bxc6 10. Bxc5 Nxc5 11. Bxc6 Rb8 12. Qxd5 Qe7 13. O-O Rxb2 14. Nc3 Rxc2 15. Qd4 Ne6 16. Qd3 Rb2 17. Qe3 Qc5 18. Qxc5 Nxc5 19. Nd5 Ba6 20. Rfb1 Rfb8 21. Rxb2 Rxb2 22. Nxc7 Bb7 $146 ({RR} 22... Bd3 23. h4 Bb1 24. a4 Nb3 25. Ra3 Nd4 26. Bd5 Kf8 27. Re3 Rc2 28. Nb5 Nf5 29. Re1 Rb2 30. Nxa7 Nd4 31. a5 Ba2 32. Be4 Bc4 33. Rd1 Ne2+ 34. Kh2 g6 35. Rd8+ Kg7 36. Rc8 Rb4 37. Nc6 {1-0 Bulmaga,I (2423)-Beydullayeva,G (2383) FIDE Grand Swiss Women 2023 (5.9)}) 23. Nd5 Nd3 24. Bxb7 Rxb7 25. f4 Rb5 26. Nc3 Rc5 27. Ne2 g5 28. g3 gxf4 29. gxf4 Rc4 30. Rf1 Re4 31. Ng3 Rxf4 32. Rd1 Rf3 33. Nh5 h6 34. Nf6+ Kg7 35. Kg2 Nxe5 36. Nh5+ Kg6 37. Re1 Nd3 38. Re2 Rf5 39. Re3 Rf2+ 40. Kg3 Kxh5 41. Rxd3 Rxa2 42. Rd6 Kg5 43. h4+ Kh5 44. Rf6 Ra3+ 45. Kg2 Kxh4 46. Rxf7 Ra2+ 47. Kf3 h5 48. Rg7 Kh3 49. Rg3+ Kh2 50. Rg7 h4 51. Rc7 h3 52. Rc8 a5 53. Rc3 Rg2 54. Rc4 Rg3+ 55. Kf2 Ra3 56. Rc1 a4 57. Rc4 Ra2+ 58. Kf3 a3 59. Rc3 Rg2 60. Rc1 a2 61. Ra1 Rb2 62. Rc1 Rb3+ 63. Kg4 Ra3 64. Rc2+ Kg1 65. Rc1+ Kf2 0-1

[Event "45th Olympiad 2024"]
[Site "Budapest HUN"]
[Date "2024.09.14"]
[Round "4.37"]
[Board "4"]
[White "Mariano, Fabian Glen"]
[Black "Vanczak, Tamas"]
[Result "0-1"]
[WhiteElo "2121"]
[BlackElo "2401"]
[PlyCount "130"]
[EventDate "2024.09.11"]
[WhiteTeam "Indonesia"]
[BlackTeam "Hungary C"]
[WhiteTeamCountry "INA"]

1. e4 c5 2. Nf3 d6 3. Bb5+ Nc6 4. c3 Bd7 5. O-O Nf6 6. Qe2 a6 7. Ba4 b5 8. Bc2 e5 9. Rd1 Be7 ({RR} 9... Bg4 10. h3 Bxf3 11. Qxf3 Be7 12. d3 O-O 13. Nd2 g6 14. Nf1 Nh5 15. Bh6 Ng7 16. Bb3 Bg5 17. Bxg5 Qxg5 18. a4 Qe7 19. Ne3 Rab8 20. axb5 axb5 21. Nd5 Qb7 22. Nf6+ Kh8 23. Bd5 Ne6 24. g3 {1-0 Piesik,P (2417)-Filgueira,H (2283) Titled Tue 2nd Apr Early 2024 (4)}) 10. h3 $146 ({RR} 10. d4 Qc7 11. dxc5 dxc5 12. Bg5 O-O 13. Nbd2 h6 14. Bxf6 Bxf6 15. Nf1 Ne7 16. Ne3 Rfd8 17. Nd5 Nxd5 18. Rxd5 Be6 19. Rd2 Rxd2 20. Nxd2 Rd8 21. Nf1 Bc4 22. Qe1 Bg5 23. Ne3 Bxe3 24. Qxe3 Be6 {½-½ Karaklajic,N-Trifunovic,P YUG-ch06 Ljubljana 1951 (18)}) 10... Qb6 11. d3 O-O 12. Nbd2 Rfe8 13. Nf1 Be6 14. Ng3 d5 15. Ng5 Rad8 16. Nxe6 fxe6 17. Be3 Qc7 18. Rf1 Rf8 19. Rad1 Bd6 20. a3 Ne7 21. Nh5 Nxh5 22. Qxh5 Ng6 23. g3 d4 24. Bd2 c4 25. Rc1 Bc5 26. Qe2 Qb6 27. Kg2 Rd7 28. cxd4 Bxd4 29. dxc4 bxc4 30. Bc3 Rdf7 31. f3 Qd8 32. Qd2 Rf6 33. Bxd4 exd4 34. f4 d3 35. Bb1 Qd4 36. Rce1 Rb8 37. Rf2 e5 38. Qc3 Qxc3 39. bxc3 exf4 40. e5 f3+ 41. Kf1 Nxe5 42. Ba2 Rb5 43. a4 Rd5 44. Rd2 Kf8 45. Re4 Rc6 46. Kf2 Ke7 47. Ke3 g5 48. Rb2 Kf6 49. g4 Kg6 50. Rd4 Rxd4 51. Kxd4 Kf6 52. Kd5 a5 53. Rf2 Rc8 54. Ke4 Re8 55. Rb2 Re6 56. Kd5 h5 57. Bxc4 Nxc4 58. Kxc4 Rd6 59. Rd2 hxg4 60. hxg4 Ke5 61. Rxd3 Rxd3 62. Kxd3 Kf4 63. c4 Kg3 64. c5 f2 65. Ke2 Kg2 0-1

[Event "45th Olympiad 2024"]
[Site "Budapest HUN"]
[Date "2024.09.14"]
[Round "4.38"]
[Board "1"]
[White "Maksimovic, Bojan"]
[Black "Laohawirapap, Prin"]
[Result "1/2-1/2"]
[WhiteElo "2503"]
[BlackElo "2380"]
[PlyCount "119"]
[EventDate "2024.09.11"]
[WhiteTeam "Bosnia & Herzegovina"]
[BlackTeam "Thailand"]
[WhiteTeamCountry "BIH"]
[BlackTeamCountry "THA"]

1. d4 {Krasenkow,Michal ChessBase II} Nf6 2. Nf3 g6 3. c4 Bg7 4. Nc3 O-O 5. e4 d6 6. Be2 e5 7. d5 a5 8. h3 Na6 9. Bg5 Qe8 10. g4 Nd7 ({RR} 10... Kh8 11. Nd2 ({RR} 11. Be3) 11... Ng8 12. h4 f5 ({RR} 12... f6 13. Be3 f5 14. gxf5 gxf5 15. exf5 Bxf5 ({RR} 15... Nh6 16. Bh5 Qd7 17. f6 Rxf6 18. Nde4 Rf8 19. Qd2 Nf5 20. O-O-O) ({RR} 15... Bh6 16. Bg5 Bxg5 17. hxg5 Bxf5 18. Nde4) 16. Nde4 Nf6 17. Ng3 Qd7 18. h5 Rf7 19. h6 Bf8 20. Bd3 Bxd3 21. Qxd3 Ng4 22. Nce4 Nxe3 23. fxe3 Qg4 24. Kd2) ({RR} 12... h6 13. Be3 f5) 13. gxf5 ({RR} 13. f3 fxg4 ({RR} 13... f4 14. h5 Bf6 15. hxg6 Qxg6 16. Bxf6+ Nxf6 17. Nb3 b6 18. Qd2 Bd7 19. O-O-O) 14. fxg4 Nf6) 13... gxf5 14. Bh5 ({RR} 14. exf5 Bxf5 15. Nde4 Nf6 16. Ng3 Qd7 17. Rg1 Nb4 18. Rc1 e4) 14... Qd7 15. Qe2 ({RR} 15. exf5 Qxf5 16. Nde4 Nc5 17. Qe2 Nxe4 18. Nxe4 Nf6 19. Ng3 Qd7 20. Rg1 c6) 15... Nf6 16. Bf3 fxe4 ({RR} 16... Nc5 17. O-O-O fxe4 ({RR} 17... Qf7) 18. Ndxe4 Nfxe4 19. Nxe4 Qf5 20. Bg2 Nxe4 21. Bxe4 Qxf2 22. Qh5 ({RR} 22. Qxf2 Rxf2 23. Rdf1 Rxf1+ 24. Rxf1 Bg4 25. Rf7 Rc8) 22... Bf5 23. Rhf1 Bxe4 24. Rxf2 Rxf2) 17. Ndxe4 Nxe4 18. Nxe4 Nb4 ({RR} 18... Nc5 19. Nxc5 dxc5 20. Rg1) ({RR} 18... b6 19. Rg1 Nc5 20. Nxc5 bxc5 21. Be4 Qf7 22. f3) 19. Bg2 Qa4 ({RR} 19... c6) 20. Nc3 Qc2 21. Be4 Qxe2+ 22. Kxe2 Bg4+ 23. f3 Bh5 24. Rag1 Rf7 ({RR} 24... Na6 25. Be3 Bf6) 25. Be3 {1-0 Wei,Y (2743)-Jones,G (2640) Tata Steel-A 80th 2018 (4)} {RR} Rff8) 11. a3 ({RR} 11. Qd2) 11... Nb6 12. b3 Bd7 13. Rc1 $146 ({RR} 13. Rg1 Kh8 14. Rb1 Nc5 15. Be3 f5 16. gxf5 gxf5 17. Qd2 Qe7 ({RR} 17... f4 18. Bxc5) 18. Bxc5 dxc5 19. Qg5 Bf6 20. Qh5 Nc8 21. d6 Nxd6 22. Nd5 Qf7 23. Qxf7 Rxf7 24. Nxf6 Rxf6 25. Nxe5 Be6 26. Nd3 fxe4 27. Nxc5 Bxh3 {0-1 Krasenkow,M (2671)-Amin,B (2693) Tata Steel-B 80th 2018 (12)}) ({RR} 13. Nd2 Kh8 14. Be3 Qe7 15. Qc2 Nc5 16. h4 h6 17. h5 g5 18. O-O Rfb8 19. b4 Nca4 20. Nxa4 Bxa4 21. Qc3 axb4 22. axb4 Be8 23. c5 Nc8 24. Rfc1 c6 25. dxc6 bxc6 26. cxd6 Nxd6 27. Bc5 Qe6) ({RR} 13. Rg1 Kh8 14. Be3 Qe7 15. h4 f5 16. g5 f4 17. Bxb6 cxb6 18. Nd2 f3 19. Bxf3 Rf4 20. Qe2 Rxh4 21. O-O-O Nc5 22. Kb2 Rf8 23. Rdf1 Rff4 24. b4 Na6 25. Kb3 Qd8 26. Rg3 Bf8 27. Rfg1 Be7 {1-0 Hahn,M (2314)-Lohr,M (2047) 34th Staufer-Open 2024 (4.22)}) 13... Kh8 14. Rg1 f6 15. Be3 Qe7 16. h4 f5 17. gxf5 gxf5 18. Ng5 f4 19. Bxb6 cxb6 20. Bg4 Bxg4 21. Rxg4 Bf6 22. Nf3 Rg8 23. Rxg8+ Rxg8 24. Ke2 Rg2 25. Qh1 Qg7 26. Qh3 Rg4 27. h5 Nc5 28. Rb1 h6 29. b4 axb4 30. axb4 Na6 31. Nb5 Be7 32. Kd3 Rg2 33. Rb2 Rg4 34. Kc3 Kh7 35. Rb1 Rg2 36. Qf5+ Kg8 37. Qe6+ Qf7 38. Qh3 Qg7 39. Qc8+ Qf8 40. Qe6+ Qf7 41. Qh3 Qg7 42. Nxd6 Bxd6 43. Qe6+ Kh8 44. Qxd6 Rxf2 45. Nxe5 Rf3+ 46. Kd4 Rb3 47. Ra1 Ra3 48. Rf1 Rf3 49. Rd1 Rb3 50. Qg6 Nxb4 51. Qxg7+ Kxg7 52. Nd3 Nc2+ 53. Ke5 Ne3 54. Rg1+ Kf7 55. Nxf4 Nxc4+ 56. Kd4 Nd2 57. Rg2 Rb4+ 58. Ke5 Nc4+ 59. Kd4 Nd2+ 60. Ke5 1/2-1/2

[Event "45th Olympiad 2024"]
[Site "Budapest HUN"]
[Date "2024.09.14"]
[Round "4.38"]
[Board "2"]
[White "Kulpruethanon, Thanadon"]
[Black "Stojanovic, Dalibor"]
[Result "0-1"]
[WhiteElo "2286"]
[BlackElo "2448"]
[PlyCount "190"]
[EventDate "2024.09.11"]
[WhiteTeam "Thailand"]
[BlackTeam "Bosnia & Herzegovina"]
[WhiteTeamCountry "THA"]
[BlackTeamCountry "BIH"]

1. d4 {Marin,Mihail} Nf6 2. c4 g6 3. Nc3 Bg7 4. e4 d6 5. Be2 O-O 6. Be3 Nbd7 7. Nf3 e5 8. O-O Re8 9. d5 Nh5 10. g3 Bf8 11. Nd2 ({RR} 11. Ne1 Ng7 12. Nd3 f5 13. f3 Be7 14. Qd2 Nf6 ({RR} 14... Rf8) 15. c5 ({RR} 15. Bh6 fxe4 ({RR} 15... Rf8 16. c5 Kh8 17. cxd6 cxd6 18. Rfc1 Bd7 19. a4 a6 20. a5 Ng8 21. Be3 Rc8) 16. fxe4 Ng4 ({RR} 16... Bh3 17. Rxf6 Bxf6 18. g4) 17. Bxg4 Bxg4 18. Kg2 ({RR} 18. Nf2) 18... Rf8 19. h3 Bd7 20. g4) 15... fxe4 ({RR} 15... Rf8 16. cxd6 cxd6 17. exf5 Nxf5 18. Bf2 Nd4) 16. fxe4 Bh3 ({RR} 16... Ng4 17. Bxg4 Bxg4 18. Rfc1 ({RR} 18. Rac1) 18... Rf8) 17. cxd6 cxd6 18. Rfc1 ({RR} 18. Rf2 Rc8 ({RR} 18... Qd7 19. Rxf6 Bxf6 20. Nf2)) ({RR} 18. Rxf6 Bxf6 19. g4 h5) 18... Ng4 19. Bxg4 Bxg4 20. Nb5 Rf8 21. Rc3 ({RR} 21. Nxa7 h5 22. Nb5 h4 23. Nf2 Bf3 24. Nc7 ({RR} 24. Bh6 Rf7 25. Nc7) 24... Rc8 25. Ne6 Nxe6 26. dxe6 Rxc1+ 27. Rxc1 d5) 21... a6 22. Nc7 Rc8 23. Rac1 Qd7 24. Nf2 Bd8 25. Qc2 ({RR} 25. Nb5 Rxc3 ({RR} 25... Ba5 26. Nxg4 Qxg4 27. Nxd6) 26. Nxc3 Bf3) 25... Rf3 {0-1 Gelfand,B (2737)-Radjabov,T (2735) Corus Wijk aan Zee 2008 (11)}) 11... Ng7 12. g4 ({RR} 12. f3 Be7 13. Bd3 f5 14. b4 Bg5 15. Bf2 Bxd2 16. Qxd2 Nf6 17. c5 fxe4 18. Nxe4 Bh3 19. Rfe1 Rf8 20. Ng5 Nd7 21. Nxh3 Rxf3 22. Ng5 Rxd3 23. Qxd3 Qxg5 24. Be3 Qg4 25. cxd6 cxd6 26. Rac1 Nf5 {0-1 Gurevich,D (2357)-Ventura Bolet,M (2247) Titled Tue 5th Mar Late 2024 (11)}) 12... Be7 13. Nf3 $146 ({RR} 13. f3 Bg5 14. Bf2 Bh4 15. Qe1 Bxf2+ 16. Qxf2 a5 17. Kh1 Nc5 18. f4 exf4 19. Qxf4 Qe7 20. Rf2 Bd7 21. Raf1 Rf8 22. h4 Rae8 23. h5 g5 24. Qe3 h6 25. Rf6 Kh7 26. Qf2 b6 27. Rxf7 Rxf7 {½-½ Saravanan,V (2408)-Naroditsky,D (2425) Hoogeveen Unive op 2010 (9)}) 13... Nf6 14. Ne1 h5 15. f3 Nh7 16. Ng2 Rf8 17. Kh1 hxg4 18. fxg4 f5 19. exf5 gxf5 20. gxf5 Bxf5 21. Bd3 Qd7 22. Bh6 Bg5 23. Bxg7 Kxg7 24. Bxf5 Rxf5 25. Rg1 Kh8 26. Ne4 Qf7 27. Qe2 Be7 28. Raf1 Rg8 29. Ng3 Rf6 30. Rxf6 Bxf6 31. Rf1 Qg6 32. Qe4 Qh6 33. Ne3 Qh3 34. Qg2 Qxg2+ 35. Nxg2 Bg5 36. Ne4 Kg7 37. h4 Bh6 38. Kh2 Rd8 39. Kh3 a5 40. Kg4 Rg8 41. Kh5 Rh8 42. Kg4 Rg8 43. Kh3 b6 44. Rf3 Rh8 45. Rf1 Rg8 46. Ne1 Rh8 47. Nd3 Re8 48. Rf3 Kg6 49. Kg4 Kg7 50. Kh5 Rh8 51. Kg4 Re8 52. Ndf2 Bf4 53. Nh3 Bc1 54. b3 Rg8 55. Rf5 Kh6+ 56. Kf3 Kg6 57. Kg4 Kh6+ 58. Kf3 Kg6 59. Kg4 Kh6+ 60. Nhg5 Bxg5 61. hxg5+ Kg6 62. Nc3 Re8 63. a3 Re7 64. b4 axb4 65. axb4 Re8 66. Nb5 Re7 67. Nc3 Re8 68. Ne4 Ra8 69. Rf1 Ra2 70. Rh1 Nxg5 71. Nxg5 Rg2+ 72. Kf3 Rxg5 73. Rh8 Rf5+ 74. Ke3 Rf4 75. c5 bxc5 76. bxc5 Rd4 77. Rc8 Rxd5 78. c6 Rc5 79. Rxc7 Kf6 80. Rc8 Ke6 81. Kd3 Kd5 82. c7 Kc6 83. Ke4 Kd7 84. Rh8 Kxc7 85. Kf5 Kc6 86. Rh1 Rc4 87. Ke6 Kc5 88. Rd1 Rd4 89. Rc1+ Kb4 90. Kf5 e4 91. Kf4 d5 92. Ke3 Rd3+ 93. Ke2 Rc3 94. Ra1 d4 95. Kd2 Rg3 0-1

[Event "45th Olympiad 2024"]
[Site "Budapest HUN"]
[Date "2024.09.14"]
[Round "4.38"]
[Board "3"]
[White "Culum, Sanjin"]
[Black "Teerapabpaisit, Wisuwat"]
[Result "1-0"]
[WhiteElo "2409"]
[BlackElo "2070"]
[PlyCount "133"]
[EventDate "2024.09.11"]
[WhiteTeam "Bosnia & Herzegovina"]
[BlackTeam "Thailand"]
[WhiteTeamCountry "BIH"]
[BlackTeamCountry "THA"]

1. e4 c5 2. Nf3 e6 3. d4 cxd4 4. Nxd4 a6 5. c4 Nf6 6. Nc3 Qc7 7. a3 Nc6 8. Be3 Ne5 9. Be2 d6 ({RR} 9... Ng6 10. O-O Bd6 11. g3 Be7 12. Rc1 d6 13. h4 Bd7 14. b4 O-O 15. h5 Ne5 16. h6 g6 17. f4 Nc6 18. Bf3 Nxd4 19. Qxd4 Rfd8 20. e5 Ne8 21. exd6 Bxd6 22. Ne4 e5 23. Qb2 Bh3 24. Rfd1 {1-0 Zelcic,R (2528)-Epishin,V (2598) Schwarzach op 28th 2013 (8)}) 10. Rc1 b6 ({RR} 10... Be7 11. O-O Bd7 12. b4 O-O 13. Nb3 Rac8 14. c5 dxc5 15. f4 Ng6 16. e5 Nd5 17. Nxd5 exd5 18. Nxc5 Bc6 19. Bd4 Rfe8 20. Bg4 Rcd8 21. Na4 Nxf4 22. Rxf4 Bg5 23. Rf5 Bxc1 24. Qxc1 Qe7 25. Nb6 {1-0 Laurusas,T (2563)-Barwinska,E (2035) 48th Sitges Open 2024 (3.15)}) 11. O-O Bb7 12. f4 $146 ({RR} 12. f3 Rc8 13. b4 Be7 14. Na4 O-O 15. Nb3 Ned7 16. Qe1 Bc6 17. b5 Ba8 18. bxa6 Nc5 19. Nbxc5 bxc5 20. Nc3 Qa7 21. Nb5 Qxa6 22. Qg3 Rfd8 23. Rcd1 d5 24. exd5 exd5 25. cxd5 Nxd5 26. Nc3 Qxa3 {0-1 Cherepanova,E (1737)-Antonova,N (1913) Moscow op (Women) 16th 2020 (5)}) ({RR} 12. f3 Be7 13. b4 O-O 14. Qb3 Rfe8 15. Rfd1 Rac8 16. Na4 Ned7 17. Nc2 Qb8 18. Bf4 Nh5 19. Be3 Nhf6 20. Ne1 d5 21. exd5 Bd6 22. g3 exd5 23. Rc2 Bxg3 24. hxg3 Qxg3+ 25. Kf1 Rxe3 26. Qxe3 Ng4 {0-1 Tonoli,B (2183)-Cappon,J (2222) BEL-chT 0809 2008 (9)}) 12... Ned7 13. Bf3 h5 14. f5 e5 15. Nd5 Qd8 16. Ne6 fxe6 17. fxe6 Bxd5 18. exd7+ Qxd7 19. cxd5 b5 20. Bb6 Qb7 21. Ba5 Qa7+ 22. Kh1 Be7 23. Rc7 Qe3 24. Qc2 Kf7 25. Bd2 Qb6 26. Bg5 Ra7 27. Rc6 Qd8 28. Qe2 g6 29. Qf2 Ra8 30. Qg3 Kg7 31. Be3 Qd7 32. Rfc1 Bd8 33. Bg5 Rf8 34. Bxf6+ Rxf6 35. Bxh5 Qa7 36. Bf3 Qd4 37. Qg4 Ra7 38. Rc8 Qe3 39. Rf1 Be7 40. h3 Qf4 41. Qxf4 Rxf4 42. Rfc1 Rf8 43. R1c7 Rxc8 44. Rxa7 Kf8 45. Rxa6 Rc2 46. b4 Ra2 47. Kh2 Bg5 48. Kg3 Ke7 49. Ra5 Be3 50. Kg4 Bc1 51. Rxb5 Rxa3 52. Rb7+ Kf6 53. Rd7 Ra6 54. Rc7 Be3 55. Rc6 Rb6 56. h4 Ke7 57. Rxb6 Bxb6 58. Kg5 Kf7 59. Kh6 Bf2 60. h5 Be3+ 61. Kh7 gxh5 62. Bxh5+ Kf6 63. Kg8 Bd2 64. b5 Ke7 65. Kg7 Bf4 66. g4 Bd2 67. Kg6 1-0

[Event "45th Olympiad 2024"]
[Site "Budapest HUN"]
[Date "2024.09.14"]
[Round "4.38"]
[Board "4"]
[White "Arunnuntapanich, Tinnakrit"]
[Black "Marjanovic, Dejan"]
[Result "0-1"]
[WhiteElo "2064"]
[BlackElo "2365"]
[PlyCount "83"]
[EventDate "2024.09.11"]
[WhiteTeam "Thailand"]
[BlackTeam "Bosnia & Herzegovina"]
[WhiteTeamCountry "THA"]
[BlackTeamCountry "BIH"]

1. d4 d5 2. c4 dxc4 3. e3 e5 4. Bxc4 Nc6 5. Nf3 e4 6. Nfd2 Qg5 7. Nxe4 Qxg2 8. Ng3 Nf6 9. Bf1 Qd5 10. Nc3 Bb4 11. Bd2 Qd8 12. Bg2 O-O 13. Qc2 $146 ({RR} 13. O-O Be6 14. Nce2 Bd6 15. Qc2 Re8 16. Rfd1 Bd5 17. Bxd5 Nxd5 18. Qf5 Nde7 19. Qg4 Ng6 20. Bc3 Qh4 21. Qxh4 Nxh4 22. e4 Rad8 23. f4 f5 24. e5 Bf8 25. Kf2 Ne7 26. Nf1 Nd5 27. Ne3 Re6 {0-1 Anand,N (2229)-Usmanov,V (2467) Rilton Cup 47th 2017 (1)}) ({RR} 13. Nce4 Nxe4 14. Bxe4 Bxd2+ 15. Qxd2 f5 16. Bxc6 bxc6 17. Ne2 f4 18. O-O-O fxe3 19. fxe3 Bg4 20. Rdf1 Qh4 21. Nc3 Rae8 22. Rhg1 Bh3 23. Rxf8+ Rxf8 24. Nd1 Bg4 25. Qe1 Qxe1 26. Rxe1 h5 27. Kd2 Rf3 {0-1 Arab,A (2482)-Lopez Martinez,J (2581) Olympiad-43 Batumi 2018 (7.9)}) 13... Re8 14. O-O-O Bf8 15. a3 a5 16. d5 Ne5 17. e4 Bg4 18. Rde1 Bf3 19. Bxf3 Nxf3 20. Re3 Nxd2 21. Qxd2 g6 22. f4 c6 23. Rd3 Bh6 24. Re1 Qc8 25. d6 Qg4 26. Rf1 Rad8 27. Nf5 Qh5 28. Qg2 Bg7 29. Rh3 Qg4 30. Rg3 gxf5 31. Rxg4 Nxg4 32. Rg1 Bxc3 33. bxc3 Kh8 34. e5 Rg8 35. Qe2 Rg6 36. h3 Nh6 37. Rg5 Kg7 38. Qb2 Rd7 39. c4 Kf8 40. c5 Re6 41. a4 Rg6 42. Qc3 0-1

[Event "45th Olympiad 2024"]
[Site "Budapest HUN"]
[Date "2024.09.14"]
[Round "4.39"]
[Board "1"]
[White "Delgado Ramirez, Neuris"]
[Black "Sanchez Alvarez, Roberto Carlos"]
[Result "1/2-1/2"]
[WhiteElo "2484"]
[BlackElo "2376"]
[PlyCount "117"]
[EventDate "2024.09.11"]
[WhiteTeam "Paraguay"]
[BlackTeam "Panama"]
[WhiteTeamCountry "PAR"]
[BlackTeamCountry "PAN"]

1. e4 {Roiz,Michael} c5 2. Nf3 d6 3. c3 Nf6 4. Be2 g6 5. O-O Bg7 6. Bb5+ Nc6 ({RR} 6... Bd7 7. Bxd7+ Qxd7 ({RR} 7... Nbxd7 8. Re1 O-O 9. d4 cxd4 10. cxd4 d5 11. e5 Ne4 12. Nbd2 Nxd2 13. Bxd2 Qb6 14. Re3 Rac8 15. h4) 8. Re1 O-O 9. d4 Na6 10. d5 c4 11. Nbd2 Nc5) 7. d4 Qb6 ({RR} 7... O-O 8. d5 Nb8 9. Re1 Bg4 10. Nbd2 Nbd7 11. h3 Bxf3 12. Nxf3 a6 13. Bf1 b5 14. Bf4) ({RR} 7... Bd7 8. d5 Ne5 9. Bxd7+ Nfxd7 10. Nxe5 Nxe5 11. a4 O-O 12. Bf4 Qb6 13. Qe2 c4 14. Bxe5 Bxe5 15. a5 Qb3 16. Na3) 8. Ba4 ({RR} 8. Na3 cxd4 9. cxd4 d5) ({RR} 8. Na3 cxd4 9. cxd4 d5 10. exd5 Nxd5 11. Bc4 Be6 12. Ng5 O-O 13. Nxe6 fxe6 14. Nc2 Rac8 15. Be3 Na5 16. Bxd5 exd5 17. b3 Nc6 18. Qd2 Rf7 19. Rad1 e6 20. Bh6 Bh8 21. Rfe1 Re8 22. h4 Qd8 {0-1 Glidzhain,G (2235)-Afanasiev,N (2540) VN Startsev Mem Rapid 2024 (9.4)}) 8... O-O ({RR} 8... cxd4 9. cxd4 O-O 10. d5 Nb8 ({RR} 10... Na5 11. Nc3 ({RR} 11. Re1 Bg4 12. Nbd2 Rfc8 13. h3 Bd7 14. Bc2 e6) 11... Bg4 12. h3 Bxf3 13. Qxf3 Rac8 14. Qe2 Nc4) 11. Nc3 ({RR} 11. Re1 Bg4 12. Nbd2 Qc7 13. h3 Bd7 14. Bc2 Rc8 15. Bb1 a5) 11... Bg4 12. h3 Bxf3 13. Qxf3 Nbd7 14. Rb1 ({RR} 14. Be3 Qxb2 15. Rfc1 Qa3 16. Rab1 Nc5 17. Bxc5 Qxc5 18. Rxb7 Nxe4 19. Qxe4 Bxc3 20. Qf3 Qa3) 14... Rfc8 15. Bc2 Ne5 ({RR} 15... a6 16. Qe2 Qa5 17. Bd2 Ne5) 16. Qe2 Nfd7 17. Bg5 h6 ({RR} 17... Bf6 18. Bxf6 Nxf6 19. Kh2 Nc4 20. Bd3 Qd4) 18. Bh4 g5 19. Bg3 Qa6 ({RR} 19... Ng6 20. Rfc1 Be5 21. Bxe5 Ndxe5 22. g3 Rc4) 20. Qd1 Rc4 ({RR} 20... Nc4 21. Bd3 Qb6 ({RR} 21... Nc5 22. Be2 Bxc3 23. bxc3 Qxa2 24. Ra1 Qb3 25. Qd4) 22. Qe2 Nde5) 21. Kh1 Rac8 22. f4 gxf4 23. Bxf4 {1-0 Carlsen,M (2855)-Karjakin,S (2773) Bilbao Masters 9th 2016 (3)}) 9. d5 Na5 $146 ({RR} 9... Nb8 10. Re1 Qc7 11. Bg5 Nbd7 12. Nbd2 h6 13. Bh4 g5 14. Bg3 Nh5 15. Nc4 Nxg3 16. hxg3 a6 17. Ne3 b5 18. Bc2 Nf6 19. Nh2 e5 20. dxe6 Bxe6 21. f4 Rad8 22. Qf3 Nd7 23. Rad1 f6 24. Nd5 {1-0 Mintau,A (1976)-Peyrer,K (2078) EU-ch U14 27th 2017 (9)}) 10. Re1 e6 11. Na3 exd5 12. exd5 a6 13. c4 Bg4 14. Re3 Qc7 15. h3 Bf5 16. g4 Bc8 17. Bd2 b5 18. Bxa5 Qxa5 19. cxb5 axb5 20. Bxb5 h5 21. Bc6 hxg4 22. Nc4 Qa6 23. Nfd2 Qa7 24. Ra3 Ba6 25. hxg4 Qc7 26. Bxa8 Rxa8 27. Ne3 Nd7 28. Ndc4 Bd4 29. Rc1 Kg7 30. b4 Nb6 31. b5 Bxb5 32. Rxa8 Nxa8 33. a4 Ba6 34. Rb1 Qe7 35. Qf3 Nc7 36. Rb6 Bxc4 37. Nxc4 Nxd5 38. Rxd6 Nc3 39. Kg2 Nxa4 40. Ra6 Nc3 41. Nd6 Be5 42. Nc4 Bd4 43. Nd6 Be5 44. Rb6 Bxd6 45. Qxc3+ Be5 46. Qc4 Qh4 47. Qe4 Qh2+ 48. Kf1 Qh3+ 49. Ke2 Bd4 50. Qf3 Qh2 51. Rb7 Qe5+ 52. Kf1 Qe6 53. Rb8 Qa2 54. Ra8 Qc4+ 55. Kg2 Qe6 56. Qh3 Qe4+ 57. Qf3 Qe6 58. Kf1 Qc4+ 59. Kg2 1/2-1/2

[Event "45th Olympiad 2024"]
[Site "Budapest HUN"]
[Date "2024.09.14"]
[Round "4.39"]
[Board "2"]
[White "Delgado Rosas, Alex Antonio"]
[Black "Cubas, Jose Fernando"]
[Result "1/2-1/2"]
[WhiteElo "2157"]
[BlackElo "2417"]
[PlyCount "84"]
[EventDate "2024.09.11"]
[WhiteTeam "Panama"]
[BlackTeam "Paraguay"]
[WhiteTeamCountry "PAN"]
[BlackTeamCountry "PAR"]

1. d4 Nf6 2. Bf4 g6 3. Nc3 d5 4. e3 Bg7 5. Nb5 Na6 6. Nc3 Nb8 7. Nb5 Na6 8. Nc3 O-O 9. Bxa6 bxa6 10. Be5 c6 ({RR} 10... c5 11. dxc5 Qa5 12. Qd4 Be6 13. Nge2 Rfc8 14. b4 Qa3 15. O-O a5 16. Rfb1 axb4 17. Rxb4 Rc6 18. Rab1 Rac8 19. R1b3 Qa6 20. Ra4 Qxa4 21. Nxa4 Ne8 22. Bxg7 Nxg7 23. Nf4 Nf5 24. Qd1 Ra6 25. Rb4 {0-1 Petersson,K (2049)-Santos Flores,A (2183) Titled Tue 2nd Jan Early 2024 (5)}) 11. Nf3 $146 ({RR} 11. Nge2 Re8 12. O-O a5 13. Na4 Bh6 14. Nc5 Nd7 15. Nxd7 Qxd7 16. Qd2 f6 17. Bf4 Bxf4 18. Nxf4 e5 19. dxe5 fxe5 20. Nd3 Qc7 21. Nc5 Rb8 22. b3 Rb4 23. a3 Rh4 24. g3 Rh5 25. f3 Bh3 {½-½ Petersson,K (2040)-Shoshin,K (2250) Titled Tue 21st Nov Early 2023 (4)}) 11... Re8 12. O-O Bf8 13. h3 Nd7 14. Bh2 Qb6 15. Na4 Qb5 16. b3 e6 17. Ne5 f6 18. c4 Qb7 19. Nxd7 Qxd7 20. Qf3 Bg7 21. Rac1 e5 22. cxd5 Qxd5 23. Qxd5+ cxd5 24. Rc5 exd4 25. exd4 Be6 26. Ra5 Bd7 27. Nc3 Rac8 28. Nxd5 Bb5 29. Nc7 Bxf1 30. Nxe8 Bb5 31. Nc7 Bf8 32. Bf4 Bb4 33. Nd5 Bxa5 34. Ne7+ Kf7 35. Nxc8 Ke6 36. Nd6 Bd3 37. Nb7 Bb6 38. Nc5+ Bxc5 39. dxc5 Kd5 40. Be3 a5 41. c6 Kxc6 42. Bxa7 Kb5 1/2-1/2